| 000 | 01680nam0a2200337 4500 | ||
|---|---|---|---|
| 001 | RU\NLR\bibl\270077 | ||
| 005 | 20260405234549.0 | ||
| 010 |
_a5-314-00060-I _91000 |
||
| 035 | _a(NLR Aleph) 000265624 | ||
| 090 |
_a1552319 _c1552319 |
||
| 100 | _a20020531d2000 |||y0rusy50 ca | ||
| 101 | 0 | _arus | |
| 102 | _aRU | ||
| 105 | _aa ||||||||| | ||
| 200 | 1 |
_aОчерки прогнозирования в кардиологии _fС.Б. Пономарев, Л.А. Лещинский, И.Г. Русяк |
|
| 210 |
_aИжевск _cБ.и. _d2000 |
||
| 215 |
_a191,[1] с. _cил. _d21 |
||
| 300 | _aНа обороте тит.л. авт.: С.Б. Пономарев, врач-кардиолог, к.м.н., доц., Л.А. Лещинский, засл. деят. науки РФ и УР, засл. врач РФ и УР, акад., д.м.н., проф., И.Г. Русяк, засл. деят. науки УР, чл.-корр. Рос. акад. ракет. и артиллер. наук, д.т.н., проф. | ||
| 320 | _aБиблиогр. в конце кн. (309 назв.) | ||
| 606 | 0 |
_aПрогнозирование в кардиологии _91291325 _3RU\NLR\auth\66533824 |
|
| 606 | 0 |
_aКардиология _xПрогнозирование _92251404 _3RU\NLR\auth\661350411 |
|
| 686 | _aР410-38 | ||
| 700 | 1 |
_4070 _aПономарев _bС. Б. _cд-р мед. наук _f1959- _gСергей Борисович _991125 _3RU\NLR\AUTH\77108200 |
|
| 701 | 1 |
_aЛещинский _bЛ. А. _4070 |
|
| 701 | 1 |
_aРусяк _bИ. Г. _4070 |
|
| 801 | 0 |
_aRU _bNLR _c20020531 _gPSBO |
|
| 801 | 1 |
_aRU _bNLR _c20020531 |
|
| 942 | _cBOOK | ||
| 980 | _aNB | ||